000 00919nam a2200265Ia 4500
003 OSt
005 20221005112100.0
006 a|||||r|||| 00| 0
007 ta
008 221004b |||||||| |||| 00| 0 san d
020 _c350
024 _a25391
037 _b102, 09/03/2016, Mallika Books
_cTextual
040 _aCRL
_cCRL
_bsan
041 _2san
_asan
082 _aQ11:21:g, 152Q6
100 _aदयानन्द सरस्वती
245 0 _a़ऋग्वेदादिभाष्यभूमिका
246 _a़ṛugvedādibhāṣhyabhūmikā
260 _aहरियाणा
_bसत्यधर्म प्रकाशन भारत
_c2016
300 _a457पृ0
_ccm.
650 _aधर्म
942 _hQ11:21:g, 152Q6
_cTEXL
_2cc
999 _c1023772
_d1023772